El liberalismo mexicano en pocas páginas : caracterización y vigencia /

Сохранить в:
Библиографические подробности
Главный автор: Reyes Heroles, Jesús (autor)
Другие авторы: Castañón, Adolfo (selección) (selección), Granados Roldán, Otto (selección) (selección)
Формат:
Язык:испанский
Опубликовано: México : Fondo de Cultura Económica, Secretaría de Educación Pública, 1985
Метки: Добавить метку
Нет меток, Требуется 1-ая метка записи!

MARC

LEADER 00000nam^a2200000^a^4500
001 000565186
005 20250521000000.0
009 20260310132041.289
037 |a Acervo Xavier Clavigero 
041 |a ESP 
091 |a FPA. 01055 
100 |a Reyes Heroles, Jesús  |e (autor) 
245 1 3 |a El liberalismo mexicano en pocas páginas :  |b caracterización y vigencia / 
264 1 |a México :  |b Fondo de Cultura Económica,  |b Secretaría de Educación Pública,  |c 1985 
300 |a 481 p. 
336 |a texto  |b txt  |2 rdacontenido 
337 |a sin mediación  |b n  |2 rdamedio 
338 |a volumen  |b nc  |2 rdasoporte 
649 |a XX 
700 |a Castañón, Adolfo  |e (selección) 
700 |a Granados Roldán, Otto  |e (selección) 
910 |a Fondo José Ignacio Palencia Gómez S.J. 
920 |a Impresos - Libros 
930 |a Fondos Especiales 
905 |a 137 
901 |a 0500360169  |b IT2  |c ESL  |i D  |u 20250521 
902 |a https://opac.biblio.iteso.mx/vufind/Record/000565186